Logos des équipes nationales de football de l'UEFA - Statistiques

Statistiques générales
  • Ce quiz a été pris 5 990 fois
  • Le résultat moyen est 30 sur 55
Statistiques - réponses
Par images Réponse % Correct
France
100%
Italie
100%
Allemagne
99%
Angleterre
98%
Belgique
98%
Espagne
98%
Portugal
98%
Pays-Bas
96%
Russie
93%
Turquie
92%
Autriche
91%
Croatie
91%
Suède
91%
Grèce
88%
Norvège
88%
Ukraine
86%
Albanie
79%
Écosse
76%
Danemark
70%
Finlande
69%
Pays de Galles
64%
Pologne
64%
Suisse
61%
Irlande
60%
Bulgarie
59%
Slovaquie
59%
Géorgie
52%
Hongrie
52%
Saint-Marin
52%
République Tchèque
51%
Monténégro
48%
Azerbaïdjan
44%
Slovénie
44%
Irlande du Nord
43%
Islande
41%
Bosnie-Herzégovine
39%
Roumanie
37%
Serbie
37%
Moldavie
34%
Gibraltar
32%
Lituanie
28%
Biélorussie
27%
Israël
26%
Liechtenstein
23%
Arménie
21%
Macédoine du Nord
20%
Kazakhstan
19%
Chypre
18%
Lettonie
17%
Andorre
16%
Luxembourg
14%
Malte
12%
Estonie
11%
Kosovo
11%
îles Féroé
6%
Aucun quiz correspondant
Distribution des résultats
% des personnes avec chaque résultat
Percentile par nombre de réponses
Votre historique - résultats
Vous n’avez pas pris ce quiz